| 000 | 00752nam a2200241 a 4500 | ||
|---|---|---|---|
| 001 | BRCA_364 | ||
| 005 | 20190320202958.0 | ||
| 008 | 880809s1989 nyua b 001 0 eng | ||
| 020 | _a0810918862 | ||
| 040 |
_aDLC _cDLC _dDLC |
||
| 050 | 4 |
_aND2071 _b.A32 1989 |
|
| 100 | 1 |
_aAddiss, Stephen, 1935- _91226 |
|
| 245 | 1 | 0 |
_aThe Art of Zen _bPaintings and Calligraphy by Japanese Monks, 1600-1925 _cStephen Addiss |
| 260 |
_aNueva York _bHarry N. Abrams _c1989 |
||
| 300 |
_a223 p. _bil. (algunas a color) _c31 cm. |
||
| 500 | _aDonación Fundación Japón | ||
| 504 | _aBibliografía: p. 214-218 | ||
| 650 | 1 | 4 |
_aPintura Zen _91227 |
| 650 | 1 | 4 |
_aCaligrafía Zen _91228 |
| 650 | 1 | 4 |
_aArte y simbolismo budista _zJapón _91229 |
| 902 | _aDFJ | ||
| 942 |
_2lcc _cB |
||
| 999 |
_c301 _d301 |
||